书目信息 |
| 题名: |
STM32F 32位ARM微控制器应用设计与实践
|
|
| 作者: | 黄智伟 , 王兵 , 朱卫华 编著 | |
| 分册: | ||
| 出版信息: | 北京 北京航空航天大学出版社 2014 |
|
| 页数: | 471页 | |
| 开本: | 25cm | |
| 丛书名: | ||
| 单 册: | ||
| 中图分类: | TP332.3 | |
| 科图分类: | ||
| 主题词: | 微控制器 | |
| 电子资源: | ||
| ISBN: | 978-7-5124-1495-2 | |
| 000 | 01172nam0 2200265 450 | |
| 001 | 012015000818 | |
| 005 | 20150914102434.59 | |
| 010 | @a978-7-5124-1495-2@dCNY68.00 | |
| 100 | @a20140429d2014 em y0chiy50 ea | |
| 101 | 0 | @achi |
| 102 | @aCN@b110000 | |
| 105 | @ay z 000yy | |
| 106 | @ar | |
| 200 | 1 | @aSTM32F 32位ARM微控制器应用设计与实践@ASTM32F 32 wei ARM wei kong zhi qi ying yong she ji yu shi jian@f黄智伟,王兵,朱卫华编著 |
| 205 | @a2版 | |
| 210 | @a北京@c北京航空航天大学出版社@d2014 | |
| 215 | @a471页@d25cm | |
| 330 | @a本书系统介绍了STM32F系列32位微控制器最小系统设计,工程建立、软件仿真调试与程序下载,GPIO、USART、ADC、DAC、定时器、看门狗、SPI、I2C、CAN、SDIO接口的使用与编程,以及LCD、触摸屏、Flash存储器、颜色传感器、光强检测传感器、图像传感器、加速度传感器、角度位移传感器、音频编解码器、RFID、射频无线收发器、数字调频无线电接收机、DDS、CAN收发器、Micro SD卡、步进电机、交流调压等模块的使用与编程。 | |
| 606 | 0 | @a微控制器 |
| 690 | @aTP332.3@v5 | |
| 701 | 0 | @a黄智伟@Ahuang zhi wei@4编著 |
| 701 | 0 | @a王兵@Awang bing@4编著 |
| 701 | 0 | @a朱卫华@Azhu wei hua@4编著 |
| 801 | 0 | @aCN@b碧洲教育@c20150718 |
| 905 | @a10447@f4@dTP332.3@e134=2 | |
| STM32F 32位ARM微控制器应用设计与实践/黄智伟,王兵,朱卫华编著.-2版.-北京:北京航空航天大学出版社,2014 |
| 471页;25cm |
| ISBN 978-7-5124-1495-2:CNY68.00 |
| 本书系统介绍了STM32F系列32位微控制器最小系统设计,工程建立、软件仿真调试与程序下载,GPIO、USART、ADC、DAC、定时器、看门狗、SPI、I2C、CAN、SDIO接口的使用与编程,以及LCD、触摸屏、Flash存储器、颜色传感器、光强检测传感器、图像传感器、加速度传感器、角度位移传感器、音频编解码器、RFID、射频无线收发器、数字调频无线电接收机、DDS、CAN收发器、Micro SD卡、步进电机、交流调压等模块的使用与编程。 |
| ● |
| 相关链接 |
|
|
|
|
正题名:STM32F 32位ARM微控制器应用设计与实践
索取号:TP332.3/134=2
 
预约/预借
| 序号 | 登录号 | 条形码 | 馆藏地/架位号 | 状态 | 备注 |
| 1 | 0847912 | 208479127 | 第二样本阅览室/ [索取号:TP332.3/134=2] | 在馆 | |
| 2 | 0847913 | 208479136 | 第三借阅区/ [索取号:TP332.3/134=2] | 在馆 | |
| 3 | 0847914 | 208479145 | 第三借阅区/ [索取号:TP332.3/134=2] | 在馆 | |
| 4 | 0847915 | 208479154 | 密集书库—计算机科学学院/ [索取号:TP332.3/134=2] | 在馆 |